000
00358nam a2200157Ia 4500
003
0STCL
008
150530s9999 xx 000 0 und d
040
_a
STCL
_c
STCL
100
_a
Milton; Michael Davis; Ed
245
_a
Samson agonistes
260
_b
Macmillan
_c
1977
546
_a
English
942
_2
ddc
_c
BK
999
_c
56320
_d
56320
005
20220125171007.0